000 00524nam a22001577a 4500
005 20251108170841.0
008 250721s1998 xx 000 0 ara d
082 1 4 _a301,412/ابر
100 1 _aإبراهيم، ناجيه عبد الله
245 1 0 _aدراسات في تاريخ المرأة :
_bثقافة المرأة في نيسابور /
264 1 _aعمان :
_bمؤسسة البلسم للنشر والتوزيع،
_c1998.
300 _a195ص
650 1 7 _aالمرأة
942 _2ddc
_cBK
999 _c50498
_d50498